[Event "Deutsche Ländermeisterschaft 2020"]
[Site "Berlin GER"]
[Date "2020.09.30"]
[Round "1"]
[White "Müdder, Melanie"]
[Black "Halabi, Ibrahim"]
[Result "0-1"]
[Termination "normal"]
[Board "3.4"]
[WhiteElo "2039"]
[BlackElo "1895"]
[WhiteClock "00:02:10"]
[BlackClock "00:01:51"]
[WhiteTeam "Nordrhein-Westfalen"]
[BlackTeam "Rheinland-Pfalz"]
[PlyCount "60"]
[WhiteFideId "12994103"]
[BlackFideId "16241754"]
[EventCountry "GER"]
[EventRounds "7"]
[EventType "team-swiss"]
[EventDate "2020.09.29"]

1. e4 {[%clk 1:30:57]} c5 {[%clk 1:30:48]} 2. Nf3 {[%clk 1:31:18]} d6 {[%clk
1:31:13]} 3. d4 {[%clk 1:31:32]} cxd4 {[%clk 1:31:38]} 4. Nxd4 {[%clk 1:31:56]}
Nf6 {[%clk 1:32:03]} 5. Nc3 {[%clk 1:32:15]} a6 {[%clk 1:32:25]} 6. h3 {[%clk
1:32:26]} e5 {[%clk 1:32:29]} 7. Nb3 {[%clk 1:32:45]} h5 {[%clk 1:32:26]} 8.
Bg5 {[%clk 1:33:06]} Be6 {[%clk 1:32:50]} 9. f4 {[%clk 1:31:46]} exf4 {[%clk
1:29:37]} 10. Qd2 {[%clk 1:28:33]} Nc6 {[%clk 1:15:02]} 11. O-O-O {[%clk
1:20:32]} Be7 {[%clk 1:10:08]} 12. Bxf4 {[%clk 1:18:51]} Ne5 {[%clk 1:10:06]}
13. Nd4 {[%clk 1:10:24]} Qc7 {[%clk 1:06:39]} 14. Nxe6 {[%clk 1:00:43]} fxe6
{[%clk 1:07:03]} 15. Be2 {[%clk 0:54:30]} b5 {[%clk 0:55:08]} 16. a3 {[%clk
0:47:55]} Qb7 {[%clk 0:47:33]} 17. Bxe5 {[%clk 0:39:59]} dxe5 {[%clk 0:47:33]}
18. Qg5 {[%clk 0:40:11]} O-O {[%clk 0:41:35]} 19. Qxe5 {[%clk 0:36:38]} Qc6
{[%clk 0:37:46]} 20. g4 {[%clk 0:29:32]} b4 {[%clk 0:21:22]} 21. axb4 {[%clk
0:22:21]} Bxb4 {[%clk 0:20:40]} 22. Na2 {[%clk 0:19:57]} a5 {[%clk 0:17:35]}
23. Bd3 {[%clk 0:16:40]} Nd7 {[%clk 0:13:34]} 24. Qg3 {[%clk 0:13:49]} Nc5
{[%clk 0:07:48]} 25. gxh5 {[%clk 0:09:46]} Nxd3+ {[%clk 0:04:25]} 26. Qxd3
{[%clk 0:09:15]} Be7 {[%clk 0:02:51]} 27. Rhg1 {[%clk 0:05:17]} Rad8 {[%clk
0:01:39]} 28. Qe3 {[%clk 0:02:30]} Rxd1+ {[%clk 0:01:32]} 29. Rxd1 {[%clk
0:02:49]} Qb5 {[%clk 0:01:35]} 30. h6 {[%clk 0:02:10]} Bg5 {[%clk 0:01:51]} 0-1

[Event "Deutsche Ländermeisterschaft 2020"]
[Site "Berlin GER"]
[Date "2020.09.30"]
[Round "1"]
[White "Ley, Sabrina"]
[Black "Bashylina, Luisa"]
[Result "1/2-1/2"]
[Termination "normal"]
[Board "3.5"]
[BlackTitle "WCM"]
[WhiteElo "1871"]
[BlackElo "2005"]
[WhiteClock "00:20:56"]
[BlackClock "00:26:18"]
[WhiteTeam "Rheinland-Pfalz"]
[BlackTeam "Nordrhein-Westfalen"]
[PlyCount "140"]
[WhiteFideId "12938130"]
[BlackFideId "12983292"]
[EventCountry "GER"]
[EventRounds "7"]
[EventType "team-swiss"]
[EventDate "2020.09.29"]

1. d4 Nf6 2. c4 g6 3. f3 Bg7 4. e4 d6 5. Be3 O-O 6. Ne2 c5 7. d5 e6 8. Nec3
exd5 9. cxd5 a6 10. a4 Nbd7 11. Na3 Ne5 12. Qd2 Re8 13. Be2 Qc7 14. O-O Rb8 15.
Rab1 Bd7 16. b4 cxb4 17. Rxb4 Rec8 18. Rc1 Qa5 19. Qb2 b5 20. axb5 axb5 21.
Naxb5 Ne8 22. Ra1 Qd8 23. Nd4 Rxb4 24. Qxb4 Rb8 25. Qa5 Nc7 26. Rb1 Rxb1+ 27.
Nxb1 Qb8 28. Nc3 f5 29. Ndb5 Nxb5 30. Nxb5 Qf8 31. Qc7 fxe4 32. fxe4 Bxb5 33.
Bxb5 Ng4 34. Bb6 Qf4 35. Qc8+ Bf8 36. g3 Qxe4 37. Qe6+ Qxe6 38. dxe6 Be7 39.
Bd4 Bf6 40. Bb6 Kf8 41. Bc4 Ke7 42. h3 Ne5 43. Bb3 Nc6 44. Kg2 Bd4 45. Ba4 Bxb6
46. Bxc6 Kxe6 47. Kf3 Ke5 48. Ba4 d5 49. Bb3 d4 50. Bc4 Bc5 51. Bd3 Bb4 52. Bc2
Bd2 53. Bd3 Be3 54. Bc2 Kf6 55. Bd3 h6 56. Bc2 g5 57. Bd3 Ke5 58. g4 Kd5 59.
Bc2 Kc4 60. Ke2 Kc3 61. Bf5 Bf4 62. Be4 Be3 63. Bf5 Kc4 64. Be4 Kc5 65. Bd3 Kd5
66. Kf3 Ke5 67. Bc2 Kd5 68. Bd3 Ke5 69. Bc2 Kd5 70. Bd3 Ke5 1/2-1/2

[Event "Deutsche Ländermeisterschaft 2020"]
[Site "Berlin GER"]
[Date "2020.09.30"]
[Round "1"]
[White "Rudolph, Eva"]
[Black "Yue, Qizhou"]
[Result "0-1"]
[Termination "normal"]
[Board "3.6"]
[WhiteElo "1836"]
[BlackElo "1775"]
[WhiteClock "00:29:03"]
[BlackClock "00:27:08"]
[WhiteTeam "Nordrhein-Westfalen"]
[BlackTeam "Rheinland-Pfalz"]
[PlyCount "108"]
[WhiteFideId "16200594"]
[BlackFideId "16273800"]
[EventCountry "GER"]
[EventRounds "7"]
[EventType "team-swiss"]
[EventDate "2020.09.29"]

1. e4 c5 2. Nf3 e6 3. d4 cxd4 4. Nxd4 Nc6 5. Nxc6 bxc6 6. Bd3 d5 7. O-O Nf6 8.
Nd2 Qc7 9. Qe2 Be7 10. b3 e5 11. Bb2 d4 12. f4 exf4 13. Bxd4 Be6 14. Nc4 Nd7
15. Qh5 Bf6 16. e5 Be7 17. Rae1 g6 18. Qh6 O-O-O 19. Qxf4 Rhf8 20. Nd6+ Kb8 21.
b4 f6 22. Nc4 Bxc4 23. Bxc4 fxe5 24. Bxe5 Nxe5 25. Qxe5 Bd6 26. Qg5 Bxh2+ 27.
Kh1 Bf4 28. Qe7 Qb6 29. b5 Rf5 30. Be2 Bd6 31. Qe4 cxb5 32. Rxf5 gxf5 33. Qxf5
Bg3 34. Rf1 Qh6+ 35. Qh5 Qxh5+ 36. Bxh5 Rd5 37. Rf8+ Kc7 38. Rf7+ Kb6 39. Bg4
Rd4 40. Bf3 Rb4 41. Rb7+ Kc5 42. Rd7 Rb2 43. Rd2 Rxa2 44. Kg1 a5 45. Kf1 a4 46.
Bd5 Rb2 47. Bg8 a3 48. Ke2 a2 49. Rd5+ Kc6 50. Rd1 Rxc2+ 51. Kf3 Be5 52. Bd5+
Kb6 53. Be4 Rc5 54. Rd8 a1=Q 0-1

[Event "Deutsche Ländermeisterschaft 2020"]
[Site "Berlin GER"]
[Date "2020.09.30"]
[Round "1"]
[White "Schreidl, Michael"]
[Black "Besou, Hussain"]
[Result "0-1"]
[Termination "normal"]
[Board "3.7"]
[WhiteElo "1640"]
[BlackElo "1825"]
[WhiteClock "00:08:42"]
[BlackClock "01:08:31"]
[WhiteTeam "Rheinland-Pfalz"]
[BlackTeam "Nordrhein-Westfalen"]
[PlyCount "192"]
[WhiteFideId "16265750"]
[BlackFideId "16269950"]
[EventCountry "GER"]
[EventRounds "7"]
[EventType "team-swiss"]
[EventDate "2020.09.29"]

1. e4 {[%clk 1:30:57]} c5 {[%clk 1:30:45]} 2. Nf3 {[%clk 1:31:23]} Nc6 {[%clk
1:31:09]} 3. d4 {[%clk 1:31:48]} cxd4 {[%clk 1:31:34]} 4. Nxd4 {[%clk 1:32:15]}
e5 {[%clk 1:31:55]} 5. Nb5 {[%clk 1:31:22]} Nf6 {[%clk 1:31:57]} 6. N1c3 {[%clk
1:31:15]} d6 {[%clk 1:32:19]} 7. Bg5 {[%clk 1:30:40]} a6 {[%clk 1:32:42]} 8.
Na3 {[%clk 1:30:47]} h6 {[%clk 1:31:59]} 9. Be3 {[%clk 1:27:37]} Ng4 {[%clk
1:31:34]} 10. Nd5 {[%clk 1:26:48]} Nxe3 {[%clk 1:31:56]} 11. Nxe3 {[%clk
1:27:07]} Be7 {[%clk 1:30:53]} 12. Nd5 {[%clk 1:24:11]} b5 {[%clk 1:30:51]} 13.
c3 {[%clk 1:18:48]} O-O {[%clk 1:31:07]} 14. Be2 {[%clk 1:17:41]} f5 {[%clk
1:30:08]} 15. exf5 {[%clk 1:13:49]} Bxf5 {[%clk 1:30:25]} 16. O-O {[%clk
1:12:31]} Kh8 {[%clk 1:29:49]} 17. Nc2 {[%clk 1:10:53]} Bg5 {[%clk 1:29:14]}
18. Nce3 {[%clk 1:07:29]} Bh7 {[%clk 1:29:04]} 19. c4 {[%clk 1:02:20]} bxc4
{[%clk 1:28:26]} 20. Nxc4 {[%clk 0:59:43]} Nd4 {[%clk 1:28:48]} 21. Bd3 {[%clk
0:57:03]} Bg8 {[%clk 1:29:12]} 22. Nce3 {[%clk 0:47:35]} Rb8 {[%clk 1:26:51]}
23. b3 {[%clk 0:44:41]} a5 {[%clk 1:24:56]} 24. Bc4 {[%clk 0:40:32]} Rc8 {[%clk
1:20:10]} 25. Ba6 {[%clk 0:36:11]} Rc5 {[%clk 1:20:11]} 26. Bc4 {[%clk
0:35:06]} Qb8 {[%clk 1:19:48]} 27. Qg4 {[%clk 0:30:35]} Be6 {[%clk 1:19:28]}
28. Qh5 {[%clk 0:27:52]} Qb7 {[%clk 1:18:26]} 29. h4 {[%clk 0:23:39]} Bf7
{[%clk 1:14:48]} 30. Qg4 {[%clk 0:23:20]} Be6 {[%clk 1:10:26]} 31. Qh5 {[%clk
0:21:31]} Bd8 {[%clk 1:10:34]} 32. Qg6 {[%clk 0:16:41]} Bxh4 {[%clk 1:07:42]}
33. Rad1 {[%clk 0:10:28]} Rxd5 {[%clk 1:07:25]} 34. Nxd5 {[%clk 0:10:25]} Bxd5
{[%clk 1:07:24]} 35. Qxd6 {[%clk 0:09:49]} Rd8 {[%clk 1:07:38]} 36. Bxd5 {[%clk
0:09:18]} Qxd5 {[%clk 1:07:52]} 37. Qxd5 {[%clk 0:09:41]} Rxd5 {[%clk 1:08:14]}
38. Kh1 {[%clk 0:09:39]} Bf6 {[%clk 1:08:15]} 39. g3 {[%clk 0:08:15]} a4 {[%clk
1:08:02]} 40. Kg2 {[%clk 0:07:30]} axb3 {[%clk 1:08:21]} 41. axb3 {[%clk
0:07:54]} Rb5 {[%clk 1:08:43]} 42. f4 {[%clk 0:07:44]} exf4 {[%clk 1:09:06]}
43. Rxf4 {[%clk 0:07:43]} Nxb3 {[%clk 1:09:20]} 44. Rb1 {[%clk 0:07:26]} Nd4
{[%clk 1:09:45]} 45. Rxb5 {[%clk 0:07:50]} Nxb5 {[%clk 1:10:11]} 46. Rb4 {[%clk
0:07:58]} Nd4 {[%clk 1:10:32]} 47. Kh3 {[%clk 0:07:56]} Kh7 {[%clk 1:10:58]}
48. Kg4 {[%clk 0:08:16]} Kg6 {[%clk 1:11:24]} 49. Ra4 {[%clk 0:06:58]} h5+
{[%clk 1:11:43]} 50. Kh3 {[%clk 0:06:29]} Kg5 {[%clk 1:11:37]} 51. Ra5+ {[%clk
0:06:28]} Nf5 {[%clk 1:11:57]} 52. Ra4 {[%clk 0:05:53]} Be5 {[%clk 1:09:54]}
53. g4 {[%clk 0:05:58]} hxg4+ {[%clk 1:10:21]} 54. Rxg4+ {[%clk 0:06:20]} Kh5
{[%clk 1:10:46]} 55. Ra4 {[%clk 0:06:16]} g6 {[%clk 1:10:55]} 56. Rb4 {[%clk
0:05:25]} Bd6 {[%clk 1:11:17]} 57. Ra4 {[%clk 0:05:50]} g5 {[%clk 1:11:41]} 58.
Re4 {[%clk 0:04:44]} Bf4 {[%clk 1:11:53]} 59. Re8 {[%clk 0:03:54]} g4+ {[%clk
1:12:17]} 60. Kg2 {[%clk 0:04:20]} Nh4+ {[%clk 1:12:33]} 61. Kf1 {[%clk
0:03:37]} g3 {[%clk 1:10:39]} 62. Kg1 {[%clk 0:03:16]} Kg4 {[%clk 1:11:04]} 63.
Rg8+ {[%clk 0:02:51]} Bg5 {[%clk 1:10:53]} 64. Kh1 {[%clk 0:02:17]} Kf4 {[%clk
1:10:27]} 65. Rf8+ {[%clk 0:01:50]} Ke3 {[%clk 1:09:07]} 66. Rf7 {[%clk
0:01:31]} Bf4 {[%clk 1:09:29]} 67. Kg1 {[%clk 0:01:16]} Kf3 {[%clk 1:09:21]}
68. Kf1 {[%clk 0:01:18]} Kg4 {[%clk 1:09:34]} 69. Rg7+ {[%clk 0:01:13]} Kh3
{[%clk 1:09:57]} 70. Rxg3+ {[%clk 0:01:24]} Kxg3 {[%clk 1:10:20]} 71. Ke2
{[%clk 0:01:50]} Kg2 {[%clk 1:09:36]} 72. Kd3 {[%clk 0:02:12]} Kf3 {[%clk
1:10:00]} 73. Kd4 {[%clk 0:02:32]} Nf5+ {[%clk 1:10:26]} 74. Kd5 {[%clk
0:02:56]} Ke3 {[%clk 1:10:52]} 75. Ke6 {[%clk 0:03:17]} Ke4 {[%clk 1:11:14]}
76. Kf6 {[%clk 0:03:39]} Nd4 {[%clk 1:11:21]} 77. Kg6 {[%clk 0:03:50]} Kf3
{[%clk 1:08:10]} 78. Kf6 {[%clk 0:03:58]} Bd6 {[%clk 1:08:34]} 79. Kf7 {[%clk
0:03:53]} Ke4 {[%clk 1:07:49]} 80. Ke8 {[%clk 0:04:10]} Kd5 {[%clk 1:07:16]}
81. Kd7 {[%clk 0:04:32]} Nb3 {[%clk 1:07:00]} 82. Kc8 {[%clk 0:04:47]} Nc5
{[%clk 1:07:26]} 83. Kd8 {[%clk 0:04:48]} Kc6 {[%clk 1:07:18]} 84. Ke8 {[%clk
0:04:45]} Ne4 {[%clk 1:05:41]} 85. Kf7 {[%clk 0:04:59]} Kd7 {[%clk 1:06:05]}
86. Kg6 {[%clk 0:05:18]} Ke6 {[%clk 1:06:30]} 87. Kh5 {[%clk 0:05:43]} Kf5
{[%clk 1:06:52]} 88. Kh4 {[%clk 0:06:00]} Ng5 {[%clk 1:07:16]} 89. Kh5 {[%clk
0:06:20]} Nf3 {[%clk 1:07:22]} 90. Kh6 {[%clk 0:06:34]} Bf8+ {[%clk 1:07:27]}
91. Kh5 {[%clk 0:06:56]} Be7 {[%clk 1:07:01]} 92. Kh6 {[%clk 0:07:20]} Kg4
{[%clk 1:07:24]} 93. Kg6 {[%clk 0:07:40]} Ne5+ {[%clk 1:07:49]} 94. Kg7 {[%clk
0:08:02]} Kg5 {[%clk 1:08:13]} 95. Kg8 {[%clk 0:08:23]} Kg6 {[%clk 1:08:31]}
96. Kh8 {[%clk 0:08:42]} Ng4 0-1

[Event "Deutsche Ländermeisterschaft 2020"]
[Site "Berlin GER"]
[Date "2020.09.30"]
[Round "1"]
[White "Trunz, Tamila"]
[Black "Richter, Johanna"]
[Result "1-0"]
[Termination "normal"]
[Board "3.8"]
[WhiteElo "1379"]
[BlackElo "1107"]
[WhiteClock "00:37:33"]
[BlackClock "00:24:09"]
[WhiteTeam "Nordrhein-Westfalen"]
[BlackTeam "Rheinland-Pfalz"]
[PlyCount "123"]
[WhiteFideId "16267885"]
[BlackFideId "16278925"]
[EventCountry "GER"]
[EventRounds "7"]
[EventType "team-swiss"]
[EventDate "2020.09.29"]

1. e4 {[%clk 1:30:57]} c5 {[%clk 1:30:46]} 2. Nc3 {[%clk 1:31:18]} Nc6 {[%clk
1:31:11]} 3. f4 {[%clk 1:31:35]} g6 {[%clk 1:31:07]} 4. Nf3 {[%clk 1:31:36]}
Bg7 {[%clk 1:31:20]} 5. Bb5 {[%clk 1:31:30]} Nd4 {[%clk 1:31:35]} 6. Nxd4
{[%clk 1:30:52]} cxd4 {[%clk 1:30:43]} 7. Ne2 {[%clk 1:29:55]} e6 {[%clk
1:30:28]} 8. O-O {[%clk 1:29:42]} Ne7 {[%clk 1:30:40]} 9. d3 {[%clk 1:25:23]}
O-O {[%clk 1:30:42]} 10. Ng3 {[%clk 1:25:13]} d5 {[%clk 1:30:00]} 11. Qf3
{[%clk 1:23:40]} dxe4 {[%clk 1:28:01]} 12. Nxe4 {[%clk 1:21:13]} f5 {[%clk
1:26:53]} 13. Ng5 {[%clk 1:17:31]} Nd5 {[%clk 1:19:53]} 14. Bc4 {[%clk
1:16:23]} Re8 {[%clk 1:14:09]} 15. Re1 {[%clk 1:15:40]} Qa5 {[%clk 1:06:16]}
16. Re2 {[%clk 1:12:20]} Bd7 {[%clk 0:57:37]} 17. Bd2 {[%clk 1:11:29]} Qc5
{[%clk 0:57:11]} 18. Rae1 {[%clk 1:10:52]} Bc6 {[%clk 0:54:28]} 19. Nxe6 {[%clk
1:08:27]} Qd6 {[%clk 0:48:15]} 20. c3 {[%clk 1:03:11]} Kh8 {[%clk 0:47:01]} 21.
cxd4 {[%clk 1:01:34]} Nc3 {[%clk 0:45:14]} 22. d5 {[%clk 1:00:24]} Nxd5 {[%clk
0:42:07]} 23. Nxg7 {[%clk 0:59:04]} Rxe2 {[%clk 0:41:02]} 24. Rxe2 {[%clk
0:58:51]} Kxg7 {[%clk 0:40:54]} 25. Bxd5 {[%clk 0:56:11]} Bxd5 {[%clk 0:40:37]}
26. Qe3 {[%clk 0:54:34]} Bxa2 {[%clk 0:37:38]} 27. b4 {[%clk 0:52:32]} a6
{[%clk 0:36:13]} 28. Bc3+ {[%clk 0:52:10]} Kg8 {[%clk 0:36:08]} 29. Rxa2 {[%clk
0:51:58]} Rc8 {[%clk 0:35:12]} 30. d4 {[%clk 0:49:57]} Qd5 {[%clk 0:34:22]} 31.
Ra5 {[%clk 0:48:55]} Qc4 {[%clk 0:33:38]} 32. Rc5 {[%clk 0:48:13]} Rxc5 {[%clk
0:32:34]} 33. dxc5 {[%clk 0:47:14]} Kf7 {[%clk 0:28:32]} 34. Qe5 {[%clk
0:43:01]} Qe6 {[%clk 0:25:47]} 35. Qxe6+ {[%clk 0:42:12]} Kxe6 {[%clk 0:26:11]}
36. Kf2 {[%clk 0:42:29]} Kd5 {[%clk 0:26:35]} 37. Ke3 {[%clk 0:42:26]} h6
{[%clk 0:26:02]} 38. Kd3 {[%clk 0:42:14]} h5 {[%clk 0:26:13]} 39. h3 {[%clk
0:42:13]} Kc6 {[%clk 0:25:29]} 40. Kc4 {[%clk 0:40:28]} b6 {[%clk 0:25:27]} 41.
cxb6 {[%clk 0:40:26]} Kxb6 {[%clk 0:25:47]} 42. Bd4+ {[%clk 0:40:39]} Kc6
{[%clk 0:26:03]} 43. Bc5 {[%clk 0:40:51]} Kb7 {[%clk 0:24:49]} 44. Kd5 {[%clk
0:41:02]} Kc7 {[%clk 0:24:49]} 45. Ke5 {[%clk 0:41:15]} Kd7 {[%clk 0:24:46]}
46. Kf6 {[%clk 0:41:33]} Ke8 {[%clk 0:25:10]} 47. Kxg6 {[%clk 0:41:29]} Kd7
{[%clk 0:25:06]} 48. Kxf5 {[%clk 0:41:39]} Ke8 {[%clk 0:25:13]} 49. Kg6 {[%clk
0:41:21]} Kd7 {[%clk 0:25:11]} 50. f5 {[%clk 0:40:53]} h4 {[%clk 0:23:16]} 51.
f6 {[%clk 0:40:30]} Ke6 {[%clk 0:23:32]} 52. f7 {[%clk 0:40:42]} Kd5 {[%clk
0:23:40]} 53. f8=Q {[%clk 0:40:29]} Kc4 54. Qd6 {[%clk 0:40:08]} Kb3 {[%clk
0:24:18]} 55. Kf5 {[%clk 0:39:33]} Ka4 {[%clk 0:24:40]} 56. Ke4 {[%clk
0:39:34]} Kb3 {[%clk 0:24:36]} 57. b5 {[%clk 0:39:16]} a5 {[%clk 0:24:19]} 58.
b6 {[%clk 0:38:04]} a4 {[%clk 0:24:28]} 59. Qd3+ {[%clk 0:38:17]} Kb2 {[%clk
0:24:11]} 60. b7 {[%clk 0:37:24]} Ka2 {[%clk 0:24:09]} 61. Qc2+ {[%clk
0:37:33]} Ka1 62. Bd4# 1-0

[Event "Deutsche Ländermeisterschaft 2020"]
[Site "Berlin GER"]
[Date "2020.09.30"]
[Round "1"]
[White "Roseneck, Jonas"]
[Black "Richter, Nils"]
[Result "1-0"]
[Termination "normal"]
[Board "4.1"]
[WhiteTitle "FM"]
[BlackTitle "FM"]
[WhiteElo "2417"]
[BlackElo "2307"]
[WhiteClock "00:28:10"]
[BlackClock "00:25:23"]
[WhiteTeam "Sachsen-Anhalt"]
[BlackTeam "Württemberg"]
[PlyCount "59"]
[WhiteFideId "12939870"]
[BlackFideId "12990809"]
[EventCountry "GER"]
[EventRounds "7"]
[EventType "team-swiss"]
[EventDate "2020.09.29"]

1. e4 {[%clk 1:30:58]} c6 {[%clk 1:30:51]} 2. d4 {[%clk 1:31:23]} d5 {[%clk
1:31:10]} 3. e5 {[%clk 1:31:48]} Bf5 {[%clk 1:31:29]} 4. h4 {[%clk 1:32:13]} h5
{[%clk 1:31:44]} 5. Bd3 {[%clk 1:30:36]} Bxd3 {[%clk 1:32:02]} 6. Qxd3 {[%clk
1:31:02]} e6 {[%clk 1:32:20]} 7. Bg5 {[%clk 1:31:28]} Qb6 {[%clk 1:31:44]} 8.
Nd2 {[%clk 1:30:58]} c5 {[%clk 1:31:11]} 9. c4 {[%clk 1:29:24]} Qxb2 {[%clk
1:31:09]} 10. Rd1 {[%clk 1:28:39]} Nc6 {[%clk 1:30:49]} 11. Ngf3 {[%clk
1:26:27]} Nb4 {[%clk 1:30:56]} 12. Qe2 {[%clk 1:25:33]} cxd4 {[%clk 1:31:11]}
13. O-O {[%clk 1:21:02]} d3 {[%clk 1:31:10]} 14. Qe3 {[%clk 1:19:56]} Qa3
{[%clk 1:31:31]} 15. Rb1 {[%clk 1:16:04]} Nh6 {[%clk 1:30:21]} 16. Bxh6 {[%clk
1:15:17]} Rxh6 {[%clk 1:30:41]} 17. Rb3 {[%clk 1:13:35]} Qa6 {[%clk 1:30:48]}
18. Rfb1 {[%clk 1:08:42]} dxc4 {[%clk 1:13:40]} 19. Rxb4 {[%clk 1:08:52]} Bxb4
{[%clk 1:13:59]} 20. Rxb4 {[%clk 1:09:20]} c3 {[%clk 0:49:32]} 21. Ne4 {[%clk
1:07:28]} d2 {[%clk 0:46:55]} 22. Nxc3 {[%clk 0:42:22]} Qa3 {[%clk 0:47:16]}
23. Rxb7 {[%clk 0:27:48]} Qxc3 {[%clk 0:44:46]} 24. Qxc3 {[%clk 0:27:22]} d1=Q+
{[%clk 0:44:12]} 25. Kh2 {[%clk 0:27:42]} Qd8 {[%clk 0:34:46]} 26. Ng5 {[%clk
0:27:11]} Rc8 {[%clk 0:27:55]} 27. Qb4 {[%clk 0:27:32]} Rc7 {[%clk 0:26:24]}
28. Rb8 {[%clk 0:27:52]} Rc8 {[%clk 0:26:45]} 29. Qb7 {[%clk 0:28:10]} Rxb8
{[%clk 0:25:23]} 30. Qxf7# 1-0

[Event "Deutsche Ländermeisterschaft 2020"]
[Site "Berlin GER"]
[Date "2020.09.30"]
[Round "1"]
[White "Kölle, Tobias"]
[Black "Pallas, Sebastian"]
[Result "1/2-1/2"]
[Termination "normal"]
[Board "4.2"]
[WhiteTitle "FM"]
[WhiteElo "2275"]
[BlackElo "2315"]
[WhiteClock "00:12:01"]
[BlackClock "00:13:26"]
[WhiteTeam "Württemberg"]
[BlackTeam "Sachsen-Anhalt"]
[PlyCount "84"]
[WhiteFideId "16207378"]
[BlackFideId "12905453"]
[EventCountry "GER"]
[EventRounds "7"]
[EventType "team-swiss"]
[EventDate "2020.09.29"]

1. d4 {[%clk 1:30:58]} Nf6 {[%clk 1:30:36]} 2. c4 {[%clk 1:31:21]} g6 {[%clk
1:30:42]} 3. Nc3 {[%clk 1:31:43]} d5 {[%clk 1:30:25]} 4. cxd5 {[%clk 1:32:11]}
Nxd5 {[%clk 1:30:39]} 5. e4 {[%clk 1:32:39]} Nxc3 {[%clk 1:29:19]} 6. bxc3
{[%clk 1:33:05]} Bg7 {[%clk 1:28:48]} 7. Nf3 {[%clk 1:32:55]} O-O {[%clk
1:26:50]} 8. Be3 {[%clk 1:33:03]} c5 {[%clk 1:25:15]} 9. Qd2 {[%clk 1:33:23]}
Qa5 {[%clk 1:22:57]} 10. Rc1 {[%clk 1:32:25]} cxd4 {[%clk 1:19:31]} 11. cxd4
{[%clk 1:32:52]} Qxd2+ {[%clk 1:18:10]} 12. Kxd2 {[%clk 1:33:20]} Rd8 {[%clk
1:12:39]} 13. Bb5 {[%clk 1:22:58]} Bg4 {[%clk 1:05:28]} 14. Rc7 {[%clk
1:15:28]} Nc6 {[%clk 0:54:45]} 15. Bxc6 {[%clk 1:12:51]} bxc6 {[%clk 0:55:06]}
16. Rb1 {[%clk 1:05:09]} Bxf3 {[%clk 0:49:36]} 17. gxf3 {[%clk 1:05:38]} Bxd4
{[%clk 0:49:46]} 18. Bxd4 {[%clk 1:05:43]} Rxd4+ {[%clk 0:47:57]} 19. Ke3
{[%clk 1:05:50]} e5 {[%clk 0:47:32]} 20. f4 {[%clk 0:42:42]} Ra4 {[%clk
0:45:08]} 21. fxe5 {[%clk 0:42:46]} Ra3+ {[%clk 0:43:47]} 22. Rb3 {[%clk
0:41:56]} Rxb3+ {[%clk 0:43:21]} 23. axb3 {[%clk 0:42:24]} Rb8 {[%clk 0:43:41]}
24. Rxa7 {[%clk 0:41:30]} Rxb3+ {[%clk 0:44:04]} 25. Kf4 {[%clk 0:41:27]} Rb5
{[%clk 0:37:51]} 26. Rc7 {[%clk 0:38:04]} Rc5 {[%clk 0:38:12]} 27. f3 {[%clk
0:37:59]} h6 {[%clk 0:32:39]} 28. h4 {[%clk 0:36:53]} h5 {[%clk 0:29:31]} 29.
Rc8+ {[%clk 0:33:24]} Kg7 {[%clk 0:29:05]} 30. Re8 {[%clk 0:32:10]} Rc1 {[%clk
0:26:30]} 31. Rd8 {[%clk 0:26:22]} Rc5 {[%clk 0:23:49]} 32. Rc8 {[%clk
0:25:25]} Rc3 {[%clk 0:22:29]} 33. Re8 {[%clk 0:22:46]} Rc5 {[%clk 0:20:29]}
34. e6 {[%clk 0:16:52]} fxe6 {[%clk 0:19:26]} 35. Rxe6 {[%clk 0:17:19]} Kf7
{[%clk 0:17:33]} 36. Rd6 {[%clk 0:17:42]} Kg7 {[%clk 0:17:14]} 37. Rd8 {[%clk
0:14:24]} Kf6 {[%clk 0:15:35]} 38. Rd6+ {[%clk 0:13:24]} Kg7 {[%clk 0:15:09]}
39. Rd3 {[%clk 0:13:47]} Kf6 {[%clk 0:14:37]} 40. Rb3 {[%clk 0:12:24]} Ke6
{[%clk 0:14:11]} 41. Rb7 {[%clk 0:11:40]} Kf6 {[%clk 0:13:26]} 42. Rc7 {[%clk
0:12:01]} Ke5+ 1/2-1/2

[Event "Deutsche Ländermeisterschaft 2020"]
[Site "Berlin GER"]
[Date "2020.09.30"]
[Round "1"]
[White "Post, Hugo"]
[Black "Yi, Danny"]
[Result "1-0"]
[Termination "normal"]
[Board "4.3"]
[BlackTitle "FM"]
[WhiteElo "2209"]
[BlackElo "2266"]
[WhiteClock "00:35:33"]
[BlackClock "00:08:28"]
[WhiteTeam "Sachsen-Anhalt"]
[BlackTeam "Württemberg"]
[PlyCount "81"]
[WhiteFideId "12962490"]
[BlackFideId "12988588"]
[EventCountry "GER"]
[EventRounds "7"]
[EventType "team-swiss"]
[EventDate "2020.09.29"]

1. e4 e5 2. Nf3 Nc6 3. Bb5 a6 4. Ba4 Nf6 5. O-O Be7 6. Re1 b5 7. Bb3 d6 8. c3
O-O 9. h3 Nb8 10. d4 Nbd7 11. c4 c6 12. Nc3 b4 13. Ne2 Nxe4 14. Qc2 Nef6 15.
Ng3 Qc7 16. c5 Re8 17. Nf5 Bf8 18. cxd6 Bxd6 19. Ng5 Rf8 20. dxe5 Nxe5 21. Nxd6
Qxd6 22. Be3 Qd3 23. Bc5 Qxc2 24. Bxc2 Re8 25. Bd6 Ng6 26. Bb3 Nh8 27. Bxb4 Bd7
28. Bc4 h6 29. Nf3 Ng6 30. Rxe8+ Bxe8 31. Rd1 a5 32. Be1 a4 33. Rd6 Rb8 34. Bc3
Ne4 35. Rxg6 a3 36. Rxg7+ Kf8 37. Rg4 f5 38. Rg8+ Ke7 39. Rg7+ Kf8 40. Ra7 axb2
41. Bg7# 1-0

[Event "Deutsche Ländermeisterschaft 2020"]
[Site "Berlin GER"]
[Date "2020.09.30"]
[Round "1"]
[White "Deuer, Marius"]
[Black "Pikalow, Michael"]
[Result "1-0"]
[Termination "normal"]
[Board "4.4"]
[WhiteElo "2161"]
[BlackElo "2021"]
[WhiteClock "00:30:22"]
[BlackClock "00:02:28"]
[WhiteTeam "Württemberg"]
[BlackTeam "Sachsen-Anhalt"]
[PlyCount "36"]
[WhiteFideId "16236432"]
[BlackFideId "16227638"]
[EventCountry "GER"]
[EventRounds "7"]
[EventType "team-swiss"]
[EventDate "2020.09.29"]

1. e4 e5 2. Nc3 Nf6 3. g3 d5 4. exd5 Nxd5 5. Bg2 Nb6 6. Nf3 Nc6 7. O-O Be7 8.
Rb1 a5 9. d3 Be6 10. Be3 Nd5 11. d4 O-O 12. dxe5 Nxe3 13. fxe3 Bc5 14. Kf2 Qe7
15. Qc1 f6 16. exf6 Bxe3+ 17. Kxe3 Qc5+ 18. Kd2 Nb4 {nicht nachvollziehbar} 1-0

[Event "Deutsche Ländermeisterschaft 2020"]
[Site "Berlin GER"]
[Date "2020.09.30"]
[Round "1"]
[White "Dietz, Kristin"]
[Black "Schwartz, Oliver"]
[Result "0-1"]
[Termination "normal"]
[Board "4.5"]
[WhiteElo "1913"]
[BlackElo "1794"]
[WhiteClock "00:33:43"]
[BlackClock "00:18:35"]
[WhiteTeam "Sachsen-Anhalt"]
[BlackTeam "Württemberg"]
[PlyCount "84"]
[WhiteFideId "12993743"]
[BlackFideId "16207459"]
[EventCountry "GER"]
[EventRounds "7"]
[EventType "team-swiss"]
[EventDate "2020.09.29"]

1. e4 c5 2. Nf3 Nc6 3. d4 cxd4 4. Nxd4 Nf6 5. Nc3 e5 6. Ndb5 d6 7. Bg5 a6 8.
Na3 b5 9. Nd5 Be7 10. Bxf6 Bxf6 11. c3 O-O 12. Nc2 Rb8 13. b4 Bg5 14. a4 Ne7
15. Nce3 Bxe3 16. Nxe3 Be6 17. axb5 axb5 18. Be2 d5 19. exd5 Nxd5 20. Nxd5 Qxd5
21. O-O Rfc8 22. Ra5 Rd8 23. Qxd5 Rxd5 24. Rfa1 g6 25. Kf1 Kg7 26. Ke1 Kf6 27.
Ra8 Rxa8 28. Rxa8 e4 29. Ra5 Bd7 30. c4 Rd4 31. c5 Rxb4 32. c6 Rb1+ 33. Kd2
Rb2+ 34. Kd1 Be6 35. Bxb5 Rxf2 36. Ra3 Ke5 37. Rc3 Kd4 38. Rc1 Rxg2 39. Rc4+
Bxc4 40. Bxc4 Rg5 41. Bxf7 Rc5 42. Be8 Ke3 0-1